|
|
|
|
| LEADER |
00000cam a2200000 7i4500 |
| 001 |
0000005618 |
| 005 |
20220105104013.0 |
| 008 |
070808 |
| 020 |
|
|
|a 9679389596
|
| 090 |
0 |
0 |
|a JP
|b MTH ENG (7048)
|
| 100 |
1 |
|
|a Baker,Rann
|
| 245 |
1 |
0 |
|a Learn the numbers 1-10
|c Rann,Baker
|
| 260 |
|
|
|a Selangor :
|b Sama Publications ,
|c 2004
|
| 440 |
|
0 |
|a Mathematics for children series vol.1
|
| 500 |
|
|
|a Children age 4-6 years old (yellow)
|
| 650 |
|
0 |
|a Junior preschool
|x English
|x Languages
|
| 650 |
|
0 |
|a Mathematics
|
| 999 |
|
|
|a 0000013396
|b Book
|c Children Collection
|e Cawangan Taman Universiti
|
| 999 |
|
|
|a 0000013397
|b Book
|c Children Collection
|e Cawangan Taman Universiti
|
| 999 |
|
|
|a 0000861620
|b Book
|c Children Collection
|e Cawangan Tmn. Ungku Tun Aminah
|
| 999 |
|
|
|a 0000920756
|b Book
|c Children Collection
|e Cawangan Bukit Gambir
|
| 999 |
|
|
|a 0000931812
|b Book
|c Children Collection
|e Cawangan Tangkak
|
| 999 |
|
|
|a 0000931813
|b Book
|c Children Collection
|e Cawangan Tangkak
|
| 999 |
|
|
|a 0000931814
|b Book
|c Children Collection
|e Cawangan Tangkak
|
| 999 |
|
|
|a 0000980552
|b Book
|c Children Collection
|e Perbadanan Perpustakaan Awam Johor
|
| 999 |
|
|
|a 0000980553
|b Book
|c Children Collection
|e Cawangan Bandar Tenggara
|
| 999 |
|
|
|a 0000980554
|b Book
|c Children Collection
|e Perbadanan Perpustakaan Awam Johor
|
| 999 |
|
|
|a 0000980555
|b Book
|c Children Collection
|e Cawangan Sri Merlong
|